La visión sistémica del ambiente construido : una metodología transdisciplinar para la ecología humana y el aprendizaje interdisciplinar del diseño de intervención del hábitat /

Bibliographic Details
Other Authors: Marín Vanegas, Daniel Felipe (Editor)
Format: Electronic eBook
Language:Spanish
Published: Bogotá : Editorial Aula de Humanidades, 2024.
Edition:Primera edición.
Series:Colección Ciencias sociales (Editorial Aula de Humanidades). Serie Ética y sociedad.
Subjects:
Online Access:Digitalia Hispánica

MARC

LEADER 00000nam a2200000 i 4500
001 DIGAUHUM0027
003 NyNyDIG
007 cr |||||||||||
008 250501s2024 ck a ob 000 0 spa d
006 m o d
035 |a (OCoLC)1519503048 
040 |a DGITA  |b eng  |e rda  |e pn  |c DGITA 
020 |a 9786287700772  |q (versión digital) 
020 |z 9786287700765  |q (versión impresa) 
050 1 4 |a GF125 ebook 
245 0 3 |a La visión sistémica del ambiente construido :  |b una metodología transdisciplinar para la ecología humana y el aprendizaje interdisciplinar del diseño de intervención del hábitat /  |c Daniel Felipe Marín Vanegas, editor académico. 
250 |a Primera edición. 
264 1 |a Bogotá :  |b Editorial Aula de Humanidades,  |c 2024. 
300 |a 1 online resource :  |b illustrations. 
336 |a text  |b txt  |2 rdacontent 
337 |a computer  |b c  |2 rdamedia 
338 |a online resource  |b cr  |2 rdacarrier 
347 |a text file  |2 rdaft 
347 |b PDF 
490 1 |a Colección: Ciencias Sociales. Serie: Ética y sociedad 
504 |a Includes bibliographical references. 
588 0 |a Online resource; title from PDF title page (Digitalia, viewed May 1, 2025) 
650 0 |a Human settlements. 
650 0 |a City planning. 
650 0 |a Human ecology. 
700 1 |a Marín Vanegas, Daniel Felipe,  |e editor. 
791 2 |a Digitalia (Firm),  |e distributor. 
793 0 |g Digitalia eBook Collection:  |a Editorial Aula de Humanidades 
776 0 8 |i Print version:  |t Visión sistémica del ambiente construido.  |b Primera edición.  |d Bogotá : Editorial Aula de Humanidades, [2024]  |z 9786287700765 
830 0 |a Colección Ciencias sociales (Editorial Aula de Humanidades).  |p Serie Ética y sociedad. 
856 4 0 |3 Digitalia Hispánica  |u https://www.digitaliapublishing.com/a/170615/ 
910 |a Premium collection: 2025